Applied biochemistry and bioengineering

Guardat en:
Dades bibliogràfiques
Autors principals: Wingard, Lemuel B (Autor), Katchalski Katzir, Ephraim (Autor), Goldstein, Leon (Autor)
Format: Llibre
Idioma:anglès
Publicat: Nueva York Academic Press 1981
Matèries:
Etiquetes: Afegir etiqueta
Sense etiquetes, Sigues el primer a etiquetar aquest registre!

MARC

LEADER 00000nam a2200000 a 4500
001 UCU4013
003 CL-VaPUC
008 960517e19810000US |||||||||||||||||eng|d
082 0 4 |a 572  |b WIN  |2 21 
100 0 |a Wingard, Lemuel B  |e author  |9 361333 
700 0 |a Katchalski Katzir, Ephraim  |e author  |9 361334 
700 0 |a Goldstein, Leon  |e author  |9 361335 
245 1 0 |a Applied biochemistry and bioengineering 
300 |a v 
942 |c BK 
945 |d 19960517 00:00:00  |a cmena 
260 |a Nueva York  |b Academic Press  |c 1981 
500 |a v.2: Enzyme technology 
500 |a v.3: Analytical applications of immobilized enzymes and cells 
500 |a v.4: Immobilized microbial cells 
650 0 |a Bioquímica   |9 259492 
650 7 |a PRODUCTOS QUIMICOS ORGANICOS  |2 CL-VaPUC  |9 344420 
650 7 |a ENSAYOS DE LABORATORIO  |2 CL-VaPUC  |9 262663 
650 7 |a FENOMENOS BIOQUIMICOS  |2 CL-VaPUC  |9 360969 
583 |a last modification  |c 19960517 00:00:00  |k Rodrigo Vera 
999 |c 247844  |d 247842 
952 |0 0  |1 0  |4 0  |6 572_000000000000000_WIN_1981  |7 0  |8 A  |9 264038  |a BIBING  |b BIBING  |d 2019-11-19  |h v.3  |i 1655760  |o 572 WIN 1981  |p 1655760  |r 2025-01-20  |w 2019-11-19  |y BK  |k EIQ 
952 |0 0  |1 0  |4 0  |6 572_000000000000000_WIN_1981  |7 0  |8 A  |9 264039  |a BIBING  |b BIBING  |d 2019-11-19  |h v.4  |i 1644726  |o 572 WIN 1981  |p 1644726  |r 2025-01-20  |w 2019-11-19  |y BK  |k EIQ 
952 |0 0  |1 0  |4 0  |6 572_000000000000000_WIN_1981  |7 0  |8 A  |9 264040  |a BIBING  |b BIBING  |d 2019-11-19  |i 3277623  |o 572 WIN 1981  |p 3277623  |r 2025-01-20  |w 2019-11-19  |y BK  |k EIB